Praktická škola marketingu 2 Organizácia marketingového oddelenia a analýza trhu
Salvato in:
| Autore principale: | |
|---|---|
| Natura: | Libro |
| Lingua: | slovacco |
| Pubblicazione: |
Bratislava
Genezis
B.r.
|
| Edizione: | 1. vyd. |
| Tags: |
Nessun Tag, puoi essere il primo ad aggiungerne!!
|
MARC
| LEADER | 00000nam a2200000 4500 | ||
|---|---|---|---|
| 001 | c028127 | ||
| 005 | 20250609123027.5 | ||
| 041 | 0 | |a slo | |
| 044 | |a SK | ||
| 245 | 1 | 0 | |a Praktická škola marketingu 2 |b Organizácia marketingového oddelenia a analýza trhu |c Ivan Bureš |
| 250 | |a 1. vyd. | ||
| 264 | 1 | |a Bratislava |b Genezis |c B.r. | |
| 300 | |a 16 s. | ||
| 100 | 1 | |a Bureš, Ivan | |